Post-Disaster Reconstruction of the Built Environment (Record no. 113235)
[ view plain ]
| 000 -LEADER | |
|---|---|
| fixed length control field | 02804cad a22002535a 4500 |
| 001 - CONTROL NUMBER | |
| control field | L154919 |
| 008 - FIXED-LENGTH DATA ELEMENTS--GENERAL INFORMATION | |
| fixed length control field | 101216s2011 xxk f 100 0 eng d |
| 020 ## - INTERNATIONAL STANDARD BOOK NUMBER | |
| International Standard Book Number | 9781444344912 |
| 035 ## - SYSTEM CONTROL NUMBER | |
| System control number | (Sirsi) u154919 |
| 041 0# - LANGUAGE CODE | |
| Language code of text/sound track or separate title | eng |
| 100 1# - MAIN ENTRY--PERSONAL NAME | |
| Personal name | Haigh, Richard |
| 245 00 - TITLE STATEMENT | |
| Title | Post-Disaster Reconstruction of the Built Environment |
| Medium | [electronic resource] |
| 260 ## - PUBLICATION, DISTRIBUTION, ETC. | |
| Name of publisher, distributor, etc. | Wiley-Blackwell |
| Date of publication, distribution, etc. | 2011 |
| 300 ## - PHYSICAL DESCRIPTION | |
| Extent | ebook |
| 505 2# - FORMATTED CONTENTS NOTE | |
| Formatted contents note | 1 Introduction -- 2 Capacity Development for Post-Disaster Reconstruction of the Built Environment -- 3 Capacity of the Construction Industry for Post-Disaster Reconstruction: Post-Tsunami Sri Lanka -- 4 Resourcing for Post-Disaster Reconstruction: A Longitudinal Case Study Following the 2008 Earthquake in China -- 5 Empowerment in Disaster Response and Reconstruction: Role of Women -- 6 Community-Based Post-Disaster Housing Reconstruction: Examples from Indonesia -- 7 Stakeholder Consultation in the Reconstruction Process -- 8 ProjectManagement of Disaster Reconstruction -- 9 Legislation for Effective Post-Disaster Reconstruction: Cases from New Zealand -- 10 Conflict, Post Conflict and Post-Conflict Reconstruction: Exploring the Associated Challenges -- 11 Private Construction Sector Engagement in Post-Disaster Reconstruction -- 12 Knowledge Management Practices and Systems Integration -- 13 Restoration of Major Infrastructure and Rehabilitation of Communities -- -- 14 Sustainable Post-Disaster Waste Management: Construction and Demolition Debris -- 15 Linking Reconstruction to Sustainable Socio-Economic Development -- 16 Disaster Risk Reduction and its Relationship with Sustainable Development |
| 520 ## - SUMMARY, ETC. | |
| Summary, etc. | The construction industry is typically engaged in a range of critical activities after a disaster: providing temporary shelter after the disaster; restoration of permanent shelter and public services such as hospitals, schools, water supply, power, communications, and environmental infrastructure. This book identifies the challenges that face the industry and highlight best practices to enable the construction industry to address those problems which make an effective response to these unexpected events difficult. Written by an international team of experts, this book will help researchers and advanced students of construction understand the problems faced by communities and the construction industry when faced with a natural or man made disaster, and identify the planning and management processes required by the industry to mount an effective response. |
| 590 ## - LOCAL NOTE (RLIN) | |
| Local note | KA |
| 650 24 - SUBJECT ADDED ENTRY--TOPICAL TERM | |
| Topical term or geographic name entry element | EBOOK |
| 651 #4 - SUBJECT ADDED ENTRY--GEOGRAPHIC NAME | |
| Geographic name | International |
| 690 ## - LOCAL SUBJECT ADDED ENTRY--TOPICAL TERM (OCLC, RLIN) | |
| Topical term or geographic name as entry element | Construction management |
| 9 (RLIN) | 6230 |
| 700 1# - ADDED ENTRY--PERSONAL NAME | |
| Personal name | Amaratunga, Dilanthi |
| 856 40 - ELECTRONIC LOCATION AND ACCESS | |
| Uniform Resource Identifier | <a href="https://www.vlebooks.com/">https://www.vlebooks.com/</a> |
| Public note | View on VLEbooks. Logins for members only from [email protected] |
| 942 ## - ADDED ENTRY ELEMENTS (KOHA) | |
| Suppress in OPAC | 0 |
| Withdrawn status | Lost status | Source of classification or shelving scheme | Damaged status | Not for loan | Home library | Current library | Shelving location | Date acquired | Total Checkouts | Full call number | Barcode | Date last seen | Copy number | Price effective from | Koha item type |
|---|---|---|---|---|---|---|---|---|---|---|---|---|---|---|---|
| Dewey Decimal Classification | Virtual | Virtual | Online | 01/02/2012 | EBOOK | 154919-2001 | 06/08/2019 | 1 | 06/08/2019 | Book |